| 000 | 01515cam a2200409 a 4500 | ||
|---|---|---|---|
| 001 | 8402 | ||
| 003 | FISKH | ||
| 005 | 20250910145709.0 | ||
| 008 | 070309s2008 mnua j b 001 0 eng | ||
| 010 | _a 2007010297 | ||
| 020 |
_a9781600140976 _qhardcover : alk. paper |
||
| 020 | _a9780531284551 | ||
| 020 |
_a1600140971 _qhardcover : alk. paper |
||
| 040 |
_aDLC _cDLC _dDLC _beng |
||
| 050 | 0 | 0 |
_aQC360 _b.S38 2008 |
| 082 | 0 | 0 |
_a535 _222 |
| 100 | 1 |
_aSchuh, Mari C., _d1975- |
|
| 245 | 1 | 0 |
_aLight / _cby Mari Schuh. |
| 260 |
_aMinneapolis : _bBellwether Media, _c2008. |
||
| 300 |
_a24 pages : _bcolor illustrations ; _c23 cm |
||
| 336 |
_atext _btxt _2rdacontent |
||
| 337 |
_aunmediated _bn _2rdamedia |
||
| 338 |
_avolume _bnc _2rdacarrier |
||
| 490 | 0 | _aBlastoff! readers | |
| 490 | 0 | _aFirst science | |
| 504 | _aIncludes bibliographical references (p. 23) and index. | ||
| 505 | 0 | _aWhat is Light? -- Sources of light -- Light rays -- Reflection. | |
| 505 | 0 | _aK | |
| 520 | _a"First Science explains introductory physical science concepts about light through real-world observation and simple scientific diagrams. Intended for students in grades three through six"--Provided by publisher. | ||
| 521 | 8 |
_a510
_bLexile estimate |
|
| 521 | 8 |
_aK
_bRaz-Plus |
|
| 650 | 0 |
_aLight _vJuvenile literature. |
|
| 655 | 7 |
_aLiterature. _2lcgft _0https://id.loc.gov/authorities/genreForms/gf2014026415 |
|
| 906 |
_a7 _bcbc _corignew _d1 _eecip _f20 _gy-gencatlg |
||
| 942 |
_2ddc _cBK _n0 |
||
| 999 |
_c8402 _d8402 |
||